Countries Bordering Unknown Country #31 - Statistics

General Stats
  • This quiz has been taken 617 times
  • The average score is 9 of 9
Answer Stats
Bordering Country Answer % Correct
C Croatia
99%
H Hungary
98%
R Romania
98%
B Bulgaria
97%
K Kosovo
97%
B Bosnia and Herzegovina
96%
M Macedonia
96%
M Montenegro
96%
Serbia
94%
No matching quizzes found
Score Distribution
Percent of People with Each Score
Percentile by Number Answered
Your Score History
You have not taken this quiz